|
|
|
|
| LEADER |
01444nam a2200385 a 4500 |
| 001 |
000462137 |
| 003 |
CZ BrMZK |
| 005 |
20210120110523.0 |
| 007 |
ta |
| 008 |
000115s1999 xr d p 0 cze d |
| 015 |
|
|
|a cnb000816439
|
| 020 |
|
|
|a 80-86073-55-6
|
| 035 |
|
|
|a (OCoLC)44148360
|
| 040 |
|
|
|a BOA001
|b cze
|
| 072 |
|
7 |
|a 663
|x Průmysl nápojů. Kvasný průmysl. Průmysl pochutin
|2 Konspekt
|9 19
|
| 072 |
|
7 |
|a 37.016
|x Učební osnovy. Vyučovací předměty. Učebnice
|2 Konspekt
|9 22
|
| 080 |
|
|
|a 744
|2 MRF
|
| 080 |
|
|
|a 663.916
|2 MRF
|
| 080 |
|
|
|a 663.916.5
|2 MRF
|
| 080 |
|
|
|a 664.143
|2 MRF
|
| 080 |
|
|
|a (075.3)
|2 MRF
|
| 100 |
1 |
|
|a Stejskalová, Jaroslava
|7 jx20041022007
|4 aut
|
| 245 |
1 |
0 |
|a Odborné kreslení pro učební obor Cukrář, Cukrářka /
|c Jaroslava Stejskalová, Karel Míšek
|
| 250 |
|
|
|a Vyd. 1.
|
| 260 |
|
|
|a Praha :
|b Informatorium,
|c 1999
|
| 300 |
|
|
|a 91 s. [4] s. barevných obrazových příloh :
|b il. ;
|c 29 cm
|
| 650 |
0 |
7 |
|a odborné kreslení
|7 ph115555
|2 czenas
|
| 650 |
0 |
7 |
|a cukrářství
|7 ph114272
|2 czenas
|
| 650 |
0 |
7 |
|a zdobení cukrářských výrobků
|7 ph216298
|2 czenas
|
| 650 |
0 |
7 |
|a cukrářské výrobky
|7 ph119266
|2 czenas
|
| 655 |
|
7 |
|a učebnice středních škol
|7 fd133771
|2 czenas
|
| 700 |
1 |
|
|a Míšek, Karel,
|d 1915-2009
|7 jk01081817
|4 aut
|
| 910 |
|
|
|a BOA001
|b 4-1068.619
|
| 990 |
|
|
|a BK
|
| 996 |
6 |
|
|b 2610107833
|c 4-1068.619
|l MZK
|r Sklad / do 1 hodiny
|n 5
|p p.v.
|w 000462137
|u 000010
|a 1
|e BOA001
|j MZK50
|s P
|